Diagnostico empresarial de la C.A.P. San Isidro Ltda. No. 176 /

Bibliographic Details
Main Author: Benites M., Isidoro
Format: Book
Language:Spanish
Published: Chiclayo [Peru] : Area de Publicaciones CEAR, 79 [i.e. 1979]
Subjects:

MARC

Tag First Indicator Second Indicator Subfields
LEADER 00000cam a2200000 a 4500
001 in00000072615
005 20151008053453.0
008 801215s1979 pe a b 00010 spam
010 |a  80133073  
035 |a (OCoLC)07205716 
035 |9 AAH7531AM 
040 |a DLC  |c DLC  |d m.c.  |d TXA  |d UtOrBLW 
043 |a s-pe--- 
049 |a TXAM  |c [1406609] 
050 0 0 |a HD1491.P42  |b F473 
082 0 |a 334/.683/098514  |2 19 
100 1 |a Benites M., Isidoro. 
245 1 0 |a Diagnostico empresarial de la C.A.P. San Isidro Ltda. No. 176 /  |c [Isidoro Benites M.]. 
264 1 |a Chiclayo [Peru] :  |b Area de Publicaciones CEAR,  |c 79 [i.e. 1979] 
300 |a 130 pages, 62 unnumbered pages :  |b illustrations ;  |c 32 cm. 
336 |a text  |b txt  |2 rdacontent 
337 |a unmediated  |b n  |2 rdamedia 
338 |a volume  |b nc  |2 rdacarrier 
504 |a Bibliography: page [131]. 
610 2 0 |a Cooperativa Agraria de Producción San Isidro Ltda. No. 176. 
650 0 |a Agriculture, Cooperative  |z Peru  |z Ferreñafe (Province)  |x Case studies. 
999 |a MARS 
999 f f |s 89fe98d8-489d-3557-8c75-7128e0683b7a  |i 38fa9401-99a6-3289-ad9a-ba2760282124  |t 0 
952 f f |p ric  |a Texas A&M University  |b Rellis Campus  |c Joint Library Facility  |d Remote Storage  |t 0  |e HD1491.P42 F473  |h Library of Congress classification  |i unmediated -- volume  |m A14806126283 
998 f f |a HD1491.P42 F473  |t 0  |l Remote Storage